| 000 | 01138nam a22002415i 4500 | ||
|---|---|---|---|
| 001 | 158073 | ||
| 003 | ES-MaACL | ||
| 005 | 20250902063111.0 | ||
| 008 | 940202s1898 sp |||| | spa d | ||
| 040 |
_aCAM _bspa |
||
| 100 | 1 |
_aLópez Silva, José, _d1861-1925 _973986 |
|
| 245 | 1 | 3 |
_aLa Chavala _b: zarzuela en un acto dividido en siete cuadros / _coriginal de José López Silva y Carlos Fernández Shaw ; música del maestro Ruperto Chapí. |
| 260 |
_aMadrid : _b[Arregui y Aruej], _c1898 ( _fImp. R. Velasco) |
||
| 300 |
_a61 p. ; _c19 cm. |
||
| 490 | 1 | _aBiblioteca lirico-dramatica y teatro cómico | |
| 500 | _aEn port.: Estrenada en el teatro de Apolo la noche del 28 de octubre de 1898. | ||
| 500 | _aSolo la letra. | ||
| 700 | 1 |
_aFernández-Shaw, Carlos, _d1865-1911 _950098 |
|
| 700 | 1 |
_aChapí, Ruperto, _d1851-1909 _938014 |
|
| 830 | 0 | 0 |
_aBiblioteca lirico-dramática y teatro cómico _9188056 |
| 852 |
_aES-MaACL _jF-8635(7) _z-- Enc. pasta española conservando la cub. original _z-- -Enc. en un vol. facticio formando parte de la col. facticia "Teatro español moderno", vol. 90 |
||
| 999 |
_c158073 _d158073 |
||